Perspectives in Mexican American studies.

Bibliographic Details
Corporate Author: University of Arizona. Mexican American Studies and Research Center
Format: Serial
Language:English
Spanish
Language Notes:Chiefly in English, some Spanish.
Published: Tucson : Mexican American Studies & Research Center, University of Arizona, [1988?]-2000.
Subjects:
Online Availability: Check for online availability

MARC

Tag First Indicator Second Indicator Subfields
LEADER 00000cas a2200000 a 4500
001 in00000908721
005 20150923182802.0
008 860813d19882000azuar m s0 a0eng c
010 |a  88650023   |z sn 86011480  
016 7 |a 100969723  |2 DNLM 
022 0 |a 0889-8448  |l 0889-8448  |2 1 
029 1 |a NLM  |b 100969723 
029 1 |a YDXCP  |b 1449956 
029 1 |a YDXCP  |b 1781982 
029 1 |a AU@  |b 000020539346 
035 |a (OCoLC)14086720 
037 |b Perspectives, MASRC, Modern Languages Room 209, University of Arizona, Tucson, AZ 85721 
040 |a NSD  |c NSD  |d NSD  |d DLC  |d IXA  |d HUL  |d DLC  |d NST  |d IUL  |d NST  |d ELM  |d NST  |d COO  |d NST  |d SYS  |d IXA  |d NLM  |d HLS  |d OCLCQ  |d LVB  |d OCLCQ  |d UtOrBLW 
041 0 |a eng  |a spa 
042 |a nsdp  |a pcc 
043 |a n-us---  |a n-ust-- 
049 |a TXAM 
050 0 0 |a E184.M5  |b P42 
082 1 0 |a 909  |2 11 
090 |a E184.M5  |b P4 
210 0 |a Perspect. Mex. Am. stud. 
222 0 |a Perspectives in Mexican American studies 
245 0 0 |a Perspectives in Mexican American studies. 
246 3 0 |a Mexican American studies 
264 1 |a Tucson :  |b Mexican American Studies & Research Center, University of Arizona,  |c [1988?]-2000. 
300 |a volumes ;  |c 23 cm. 
310 |a Annual 
336 |a text  |b txt  |2 rdacontent 
337 |a unmediated  |b n  |2 rdamedia 
338 |a volume  |b nc  |2 rdacarrier 
362 0 |a Vol. 1 (1988)-v. 7 (2000). 
546 |a Chiefly in English, some Spanish. 
650 0 |a Mexican Americans  |v Periodicals. 
650 0 |a Mexican Americans  |z Southwest, New  |v Periodicals. 
650 0 |a Mexican Americans  |z Southwest, New  |x Folklore  |v Periodicals. 
650 0 |a Folklore  |z Southwest, New  |v Periodicals. 
710 2 |a University of Arizona.  |b Mexican American Studies and Research Center. 
850 |a AU  |a AzTeS  |a CSt  |a CU-Riv  |a CoU  |a DLC  |a DeU  |a GASU  |a ICarbS  |a InLP  |a InU  |a MH  |a MiEM  |a NIC  |a NN  |a NSyU  |a NcD  |a NcU  |a NmU  |a NvU  |a OU  |a TU  |a TxU  |a UPB  |a ViW 
891 0 0 |9 853  |8 1  |a v.  |i (year) 
891 4 0 |9 863  |8 1  |a <1>-  |i <1988>-  |x provisional 
994 |a C0  |b TXA 
949 |a updated  |b h  |c 2011/1/11  |e coplinger  |f 2:04:55 pm 
999 |a MARS 
999 f f |s 29b06f59-6cdd-35dd-aa1f-3ef3fcc3a998  |i fd205c9c-57d6-399e-9e37-c436e03516d3  |t 0 
952 f f |p ric  |a Texas A&M University  |b Rellis Campus  |c Joint Library Facility  |d Remote Storage  |t 0  |e E184.M5 P4  |h Library of Congress classification  |i unmediated -- volume  |k v.3  |l 1992  |m A14820518656 
952 f f |p ric  |a Texas A&M University  |b Rellis Campus  |c Joint Library Facility  |d Remote Storage  |t 0  |e E184.M5 P4  |h Library of Congress classification  |i unmediated -- volume  |k v.2  |l 1989  |m A14827721933 
952 f f |p ric  |a Texas A&M University  |b Rellis Campus  |c Joint Library Facility  |d Remote Storage  |t 0  |e E184.M5 P4  |h Library of Congress classification  |i unmediated -- volume  |k v.4  |l 1993  |m A14820518703 
952 f f |p ric  |a Texas A&M University  |b Rellis Campus  |c Joint Library Facility  |d Remote Storage  |t 0  |e E184.M5 P4  |h Library of Congress classification  |i unmediated -- volume  |k v.7  |l 2000  |m A14828175907 
952 f f |p ric  |a Texas A&M University  |b Rellis Campus  |c Joint Library Facility  |d Remote Storage  |t 0  |e E184.M5 P4  |h Library of Congress classification  |i unmediated -- volume  |k v.6  |l 1997  |m A14822454230 
952 f f |p ric  |a Texas A&M University  |b Rellis Campus  |c Joint Library Facility  |d Remote Storage  |t 0  |e E184.M5 P4  |h Library of Congress classification  |i unmediated -- volume  |k v.1  |l 1988  |m A14812288857 
952 f f |p ric  |a Texas A&M University  |b Rellis Campus  |c Joint Library Facility  |d Remote Storage  |t 0  |e E184.M5 P4  |h Library of Congress classification  |i unmediated -- volume  |k v.5  |l 1995  |m A14820192345 
998 f f |a E184.M5 P4  |s v.1-7 (1988-2000)  |t 0  |l Remote Storage